El mito portaliano: clave de nuestro destino histórico

محفوظ في:
التفاصيل البيبلوغرافية
المؤلف الرئيسي: Sepúlveda Villanueva, Héctor (مؤلف)
التنسيق: كتاب
اللغة:الإسبانية
منشور في: Santiago Instituto de Investigaciones Históricas Diego Portales 1955
الطبعة:1a. ed
الموضوعات:
الوسوم: إضافة وسم
لا توجد وسوم, كن أول من يضع وسما على هذه التسجيلة!

MARC

LEADER 00000cam a2200000 a 4500
001 UCC7518
003 CL-VaPUC
008 190409e19550000cl |||||||||||||||||spa|d
082 0 4 |a 923  |b SEP  |2 21 
100 0 |a Sepúlveda Villanueva, Héctor  |e author  |9 602155 
245 1 3 |a El mito portaliano: clave de nuestro destino histórico 
250 |a 1a. ed 
300 |a 154 p 
942 |c BK 
945 |d 20190409 14:28:00  |a dcastane 
260 |a Santiago  |b Instituto de Investigaciones Históricas Diego Portales  |c 1955 
600 0 |a Portales y Palazuelos, Diego   |9 436961 
650 0 |a Biografías  |9 255210 
650 7 |a ESTADISTAS  |2 CL-VaPUC  |9 438103 
650 7 |a REGIMEN PORTALIANO  |2 CL-VaPUC  |9 428454 
583 |a last modification  |c 20190409 14:28:00  |k Rodrigo Vera 
999 |c 374138  |d 374136 
952 |0 0  |1 0  |3 erb  |4 0  |6 923_000000000000000_SEP_1955  |7 0  |8 X  |9 492560  |a FDOBUD  |b FDOBUD  |i 5541875  |o 923 SEP 1955  |p 5541875  |r 2019-11-24  |w 2019-11-24  |y BK_X  |z Catalogado en:20190409  |k BUD